[Event "Nezhmetdinov Memorial 37th"]
[Site "Kazan"]
[Date "2015.06.08"]
[Round "9"]
[White "Tatehin, Yuri"]
[Black "Martynyuk, Elizaveta"]
[Result "0-1"]
[WhiteElo "1776"]
[BlackElo "2078"]
[PlyCount "76"]
[EventDate "2015.05.31"]
[EventType "swiss"]
[EventRounds "9"]
[EventCountry "RUS"]
[SourceTitle "CBM 166 Extra"]
[Source "ChessBase"]
[SourceDate "2015.06.18"]
[SourceVersion "1"]
[SourceVersionDate "2015.06.18"]
[SourceQuality "1"]

1. d4 d5 2. Bf4 Nf6 3. Nf3 h6 4. Nbd2 Bf5 5. e3 e6 6. Be2 c5 7. 0-0 Nc6 8. c3 Bd6 9. Ne5 Bxe5 10. dxe5 Nd7 11. Bb5 0-0 12. Bxc6 bxc6 13. Qa4 Qc7 14. e4 Bg6 15. exd5 cxd5 16. Bg3 c4 17. Nf3 Nc5 18. Qa3 Rfb8 19. Nd4 Rb6 20. b4 Nd3 21. Qa5 Qc8 22. b5 Qb7 23. Qa4 a6 24. Qd1 axb5 25. f4 Be4 26. f5 exf5 27. Nxf5 Bxf5 28. Rxf5 b4 29. cxb4 Rxb4 30. Qf3 Rb1+ 31. Rxb1 Qxb1+ 32. Qf1 Qxf1+ 33. Rxf1 Rxa2 34. Be1 Nxe1 35. Rxe1 d4 36. Rf1 c3 37. Rc1 Rd2 38. h3 c2 0-1

[Event "Nezhmetdinov Memorial 37th"]
[Site "Kazan"]
[Date "2015.06.04"]
[Round "5"]
[White "Tatehin, Yuri"]
[Black "Baiburina, Kamilla"]
[Result "0-1"]
[WhiteElo "1776"]
[BlackElo "1630"]
[PlyCount "98"]
[EventDate "2015.05.31"]
[EventType "swiss"]
[EventRounds "9"]
[EventCountry "RUS"]
[SourceTitle "CBM 166 Extra"]
[Source "ChessBase"]
[SourceDate "2015.06.18"]
[SourceVersion "1"]
[SourceVersionDate "2015.06.18"]
[SourceQuality "1"]

1. d4 Nf6 2. Bf4 e6 3. Nf3 c5 4. e3 cxd4 5. exd4 Be7 6. Nbd2 b6 7. c3 Bb7 8. Bd3 d6 9. Qe2 0-0 10. 0-0 Nbd7 11. Rae1 Re8 12. Bb1 Bf8 13. Qd3 h6 14. Qc2 Qc7 15. b3 e5 16. dxe5 Nxe5 17. Nxe5 dxe5 18. Bg3 Qc6 19. f3 Bd6 20. Rd1 Rac8 21. c4 Bc5+ 22. Kh1 Bd4 23. Rde1 Rcd8 24. Ne4 Nxe4 25. Rxe4 f5 26. Ree1 e4 27. fxe4 fxe4 28. Rf4 Qc5 29. Qe2 e3 30. Qc2 Bf6 31. Rxf6 Be4 32. Qe2 gxf6 33. Qb2 Qc6 34. Bxe4 Rxe4 35. Qe2 Rd2 36. Qh5 Kg7 37. Qf3 e2 38. h3 Qe6 39. Kh2 Kg6 40. a4 Re3 41. Qa8 Rd1 42. Bf2 Rxe1 43. Bxe1 Rxb3 44. Qd8 Ra3 45. g4 Qe5+ 46. Kg2 Qe4+ 47. Kh2 Qf4+ 48. Kg2 Qf1+ 49. Kh2 Rxh3# 0-1